Minagricultura : (Registro nro. 12379)

Detalles MARC
000 -LEADER
fixed length control field 02901cam a2200457 i 4500
003 - CONTROL NUMBER IDENTIFIER
control field OSt
005 - DATE AND TIME OF LATEST TRANSACTION
control field 20210906145308.0
008 - FIXED-LENGTH DATA ELEMENTS--GENERAL INFORMATION
fixed length control field 981118s1994 ck ad fr 000 0 spa d
020 ## - INTERNATIONAL STANDARD BOOK NUMBER
International Standard Book Number 9586015092
040 ## - CATALOGING SOURCE
Original cataloging agency CO-BoPUJ
Language of cataloging spa
Transcribing agency CO-JMCR
082 04 - DEWEY DECIMAL CLASSIFICATION NUMBER
Classification number 333.3109861 /
Item number M665t
Edition number 23
110 2# - MAIN ENTRY--CORPORATE NAME
Corporate name or jurisdiction name as entry element Colombia
Subordinate unit Ministerio de Agricultura
9 (RLIN) 38268
245 10 - TITLE STATEMENT
Title Minagricultura :
Remainder of title 80 años /
Statement of responsibility, etc. Ministerio de Agricultura, Salomón Kalmanovitz, Juan Luis Londoño, [y otros 13]
250 ## - EDITION STATEMENT
Edition statement Primera edición.
260 ## - PUBLICATION, DISTRIBUTION, ETC.
Place of publication, distribution, etc. Bogotá :
Name of publisher, distributor, etc. Tercer Mundo,
Date of publication, distribution, etc. 1994.
300 ## - PHYSICAL DESCRIPTION
Extent 38 páginas
Other physical details ilustraciones, cuadros y gráficas en blanco y negro ;
Dimensions 23 cm.
501 ## - WITH NOTE
With note Con : notas a pie de página.
504 ## - BIBLIOGRAPHY, ETC. NOTE
Bibliography, etc. note Bibliografía : páginas 371-380.
505 0# - FORMATTED CONTENTS NOTE
Miscellaneous information Cambios estructurales en la agricultura. -- Tierras y reforma agraria. -- Economía cafetera. -- Economía ganadera. -- El contexto internacional.
520 0# - SUMMARY, ETC.
Summary, etc. Los artículos presentados en esta colección constituyen una visión moderna sobre los cambios y características más destacadas de la estructura agraria colombiana en el presente siglo. Los procesos globales de cambio económico y social han moldeado la estructura agraria, y ella misma, como se deduce de las lecturas, ha contribuido a facilitar o impedir esos cambios.<br/>Los cambios en las estructuras productivas de la ganadería y la actividad cafetera, en las relaciones sociales y la estructura de la propiedad rural, en las políticas de reforma agraria, así como las variaciones en el contexto internacional, son trata dos aquí con una gran comprensión de los aspectos fundamentales relacionados con las modificaciones producidas en el mediano y largo plazo en la estructura agraria, y las dificultades que ello tiene en sociedades desiguales y con fuertes restricciones institucionales para el cambio.
650 14 - SUBJECT ADDED ENTRY--TOPICAL TERM
Topical term or geographic name entry element Agricultura
General subdivision Aspectos económicos
Geographic subdivision Colombia
9 (RLIN) 7065
650 24 - SUBJECT ADDED ENTRY--TOPICAL TERM
Topical term or geographic name entry element Sociología rural
Geographic subdivision Colombia
9 (RLIN) 40020
650 24 - SUBJECT ADDED ENTRY--TOPICAL TERM
Topical term or geographic name entry element Reforma agraria
Geographic subdivision Colombia
9 (RLIN) 13644
650 24 - SUBJECT ADDED ENTRY--TOPICAL TERM
Topical term or geographic name entry element Colonización de tierras
Geographic subdivision Colombia
9 (RLIN) 40021
650 24 - SUBJECT ADDED ENTRY--TOPICAL TERM
Topical term or geographic name entry element Agricultura y estado
Geographic subdivision Colombia
9 (RLIN) 38086
650 24 - SUBJECT ADDED ENTRY--TOPICAL TERM
Topical term or geographic name entry element Macroeconomía
9 (RLIN) 40022
650 24 - SUBJECT ADDED ENTRY--TOPICAL TERM
Topical term or geographic name entry element Café
General subdivision Mercadeo
9 (RLIN) 40023
650 24 - SUBJECT ADDED ENTRY--TOPICAL TERM
Topical term or geographic name entry element Inmunogenética veterinaria
General subdivision Aspectos económicos
9 (RLIN) 40024
650 24 - SUBJECT ADDED ENTRY--TOPICAL TERM
Topical term or geographic name entry element Movimientos campesinos
Geographic subdivision Colombia
9 (RLIN) 40025
650 24 - SUBJECT ADDED ENTRY--TOPICAL TERM
Topical term or geographic name entry element Productos agrícolas
General subdivision Comercio
9 (RLIN) 40026
650 24 - SUBJECT ADDED ENTRY--TOPICAL TERM
Topical term or geographic name entry element Desarrollo rural
General subdivision historia
Chronological subdivision 1961-1993
Geographic subdivision Colombia
9 (RLIN) 40027
650 24 - SUBJECT ADDED ENTRY--TOPICAL TERM
Topical term or geographic name entry element Campesinos
General subdivision Historia
Geographic subdivision Colombia
9 (RLIN) 40028
650 24 - SUBJECT ADDED ENTRY--TOPICAL TERM
Topical term or geographic name entry element Pobreza
General subdivision Historia
Geographic subdivision Colombia
9 (RLIN) 40029
650 24 - SUBJECT ADDED ENTRY--TOPICAL TERM
Topical term or geographic name entry element Mujeres campesinas
General subdivision Condiciones sociales
Geographic subdivision Colombia
9 (RLIN) 40030
700 ## - ADDED ENTRY--PERSONAL NAME
Personal name Kalmanovitz, Salomón.,
Relator term autor
9 (RLIN) 5368
700 ## - ADDED ENTRY--PERSONAL NAME
Relator term autor
Personal name Londoño, Juan Luis,
9 (RLIN) 4547
740 3# - ADDED ENTRY--UNCONTROLLED RELATED/ANALYTICAL TITLE
Uncontrolled related/analytical title El agro y la cuestión social
740 0# - ADDED ENTRY--UNCONTROLLED RELATED/ANALYTICAL TITLE
Uncontrolled related/analytical title Transformaciones en la estructura Agraria
740 3# - ADDED ENTRY--UNCONTROLLED RELATED/ANALYTICAL TITLE
Uncontrolled related/analytical title La agricultura y las politicas sectoriales
942 ## - ADDED ENTRY ELEMENTS (KOHA)
Source of classification or shelving scheme Dewey Decimal Classification
Koha item type Books
Existencias
Withdrawn status Lost status Source of classification or shelving scheme Damaged status Not for loan Home library Current library Shelving location Date acquired Source of acquisition Full call number Barcode Date last seen Copy number Price effective from Koha item type
    Dewey Decimal Classification     Biblioteca Pública José María del Castillo y Rada Biblioteca Pública José María del Castillo y Rada General Stacks 04/15/2018 Donación 333.3109861 / M665t 430005586 05/16/2024 Ej.1 03/10/2021 Books